| 000 | 00420nam a2200181Ia 4500 | ||
|---|---|---|---|
| 008 | 210210b1928 xxu||||| |||| 00| 0 eng d | ||
| 041 | _aeng | ||
| 082 | _a514/71 | ||
| 100 | _aLONEY (S L) | ||
| 245 | _aStraight line and circle | ||
| 260 |
_aLondon _bMacmillan & Co. Ltd. _c1928 |
||
| 650 | _aStraight | ||
| 650 | _aline | ||
| 650 | _acircle | ||
| 650 | _aand | ||
| 690 | _aAnalytical Geometry | ||
| 906 | _a007517 | ||
| 999 |
_c140045 _d140045 |
||